000 00474nam a2200181Ia 4500
008 100917s9999 xx 000 0 und d
082 _b59387
100 _aयशवंत
245 _aजय मङगला
260 _bप्र. श्री. कोल्हटकर
_c---
300 _a68
365 _b5
520 _aकविता
630 _aजय मङगला
650 _aकविता
730 _aजय मङगला
942 _cBOOK
999 _c664781
_d664778